Urban Health in Developing Countries/ (Record no. 202880)

MARC details
000 -LEADER
fixed length control field 00539 a2200181 4500
005 - DATE AND TIME OF LATEST TRANSACTION
control field 20240516110001.0
010 ## - LCCN (DPL NO)
LC control number B-759055
020 ## - INTERNATIONAL STANDARD BOOK NUMBER
International Standard Book Number 1853832812
035 ## - SYSTEM CONTROL NUMBER
System control number B-759055
037 ## - SOURCE OF ACQUISITION
Source of stock number/acquisition Gift/Unesco
082 ## - DEWEY DECIMAL CLASSIFICATION NUMBER
Classification number 362.1
245 ## - TITLE STATEMENT
Title Urban Health in Developing Countries/
Statement of responsibility, etc Trudy Harpham and Marcel Tanner
260 ## - PUBLICATION, DISTRIBUTION, ETC. (IMPRINT)
Place of publication, distribution, etc London
Name of publisher, distributor, etc Earthscan Publications Ltd.
Date of publication, distribution, etc 1995
270 ## - ADDRESS
Address London
City London
300 ## - PHYSICAL DESCRIPTION
Extent 228 p.
Dimensions 23cm (Pb)
942 ## - ADDED ENTRY ELEMENTS (KOHA)
Institution code [OBSOLETE] dpl
Item type English Books
Source of classification or shelving scheme Dewey Decimal Classification
Classification part 362.1
Call number suffix URB
Holdings
Withdrawn status Lost status Not for loan Collection code Home library Current library Date acquired Source of acquisition Full call number Barcode Copy number Koha item type Public note
      Non-fiction Ashok Vihar Ashok Vihar 15/05/2024 Gift/10.5.24 362.1 URB B-759055 1 English Books Gift

© Delhi Public Library
Hit Counter
free hit counter